00410nam a22001457a 4500003000400000005001700004008004100021040000800062050001000070082001000080100002500090245009000115260004900205300001000254OSt20221119130020.0221119b |||||||| |||| 00| 0 eng d cDLC bB575S bB575S aBhavani, Satya Ganga aSatya To Truth:bA Widow's Pilgrimage to an Authentic Faith/cby Satya Ganga Bhavani. auttarakhand:bR. Satya Ganga Bhavani,c2014. a127p.